Comparative geology and geochemistry of sedimentary-rock-hosted (Carlin-type) gold deposits in the People's Republic of China and in Nevada, USA /
Text and an interactive database designed to help Western companies get information on these gold deposits in China and to conduct research on them.
| Main Author: | |
|---|---|
| Corporate Author: | |
| Other Authors: | |
| Format: | Government Document Software eBook |
| Language: | English |
| Published: |
[Menlo Park, Calif.] : [Denver, Colo.] :
U.S. Geological Survey ; [USGS Information Services (ESIC Open-File Reports)],
1999.
|
| Edition: | Version 1.1. |
| Series: | U.S. Geological Survey open-file report ;
98-466. |
| Subjects: | |
| Online Access: | http://geopubs.wr.usgs.gov/open-file/of98-466 Accesses list of USGS open-file reports by year from which a link may be made to the title desired |
MARC
| Tag | First Indicator | Second Indicator | Subfields |
|---|---|---|---|
| LEADER | 00000cmm a2200000 a 4500 | ||
| 001 | in00000006857 | ||
| 005 | 20150930090103.0 | ||
| 007 | co cg--------- | ||
| 008 | 991018s1999 cau i f eng d | ||
| 010 | |a 00530183 | ||
| 020 | |a 060792845X | ||
| 035 | |a (OCoLC)ocm43467329 | ||
| 037 | |a 9-780607-928457 |b USGS | ||
| 040 | |a RRR |c DLC |d OCLCQ |d UtOrBLW | ||
| 042 | |a lccopycat | ||
| 043 | |a a-cc--- |a n-us-nv | ||
| 049 | |a TXAM | ||
| 050 | 0 | 0 | |a QE390.2.G65 |
| 074 | |a 0624-H | ||
| 082 | 1 | 0 | |a 553.4 |2 13 |
| 086 | 0 | |a I 19.76:98-466/VER.1.1 | |
| 100 | 1 | |a Li, Zhiping, |d 1957- | |
| 245 | 1 | 0 | |a Comparative geology and geochemistry of sedimentary-rock-hosted (Carlin-type) gold deposits in the People's Republic of China and in Nevada, USA / |c by Zhiping Li and Stephen G. Peters. |
| 246 | 3 | |a Comparative geology and geochemistry of sedimentary rock hosted (Carlin type) gold deposits in the People's Republic of China and in Nevada, USA | |
| 246 | 1 | |i Title on spine of disc container: |a Sediment-hosted (Carlin-type) gold deposits, China and Nevada | |
| 250 | |a Version 1.1. | ||
| 256 | |a Electronic data and programs. | ||
| 264 | 1 | |a [Menlo Park, Calif.] : |b U.S. Geological Survey ; |a [Denver, Colo.] : |b [USGS Information Services (ESIC Open-File Reports)], |c 1999. | |
| 300 | |a 1 computer optical disc : |b color ; |c 4 3/4 in. | ||
| 336 | |a computer program |b cop |2 rdacontent | ||
| 337 | |a computer |b c |2 rdamedia | ||
| 338 | |a computer disc |b cd |2 rdacarrier | ||
| 490 | 1 | |a Open file report ; |v 98-466 | |
| 538 | |a System requirements: IBM-PC or compatible; CD-ROM drive; 80486/66 or higher processor (Pentium recommended); Windows 95, 98, NT or higher; 8MB RAM (64MB recommended); VGA color monitor with 256 colors (16.7 million recommended). | ||
| 500 | |a Title from disc label. | ||
| 500 | |a Shipping list number: 2000-0017-E. | ||
| 500 | |a First released as paper Open-file report, 98-466, version 1.0, 1998. Distributed to depository libraries on microfiche. Shipping list number: 99-0934-M. | ||
| 530 | |a Also available via Internet from the USGS web site (PDF files) where any future versions will be posted. Address as of 4/28/2000: http://geopubs.wr.usgs.gov/open-file/of98-466; current access is available via PURL. | ||
| 520 | |a Text and an interactive database designed to help Western companies get information on these gold deposits in China and to conduct research on them. | ||
| 500 | |a Electronic resource. | ||
| 650 | 0 | |a Gold ores |x Geology |z China. | |
| 650 | 0 | |a Gold ores |x Geology |z Nevada. | |
| 700 | 1 | |a Peters, S. G. |q (Stephen George), |d 1948- | |
| 710 | 2 | |a Geological Survey (U.S.) | |
| 830 | 0 | |a U.S. Geological Survey open-file report ; |v 98-466. | |
| 856 | 4 | 1 | |u http://geopubs.wr.usgs.gov/open-file/of98-466 |t 0 |
| 856 | 4 | 2 | |u http://pubs.usgs.gov/products/books/openfile// |z Accesses list of USGS open-file reports by year from which a link may be made to the title desired |t 0 |
| 994 | |a E0 |b TXA | ||
| 999 | |a MARS | ||
| 999 | f | f | |s 825dad5a-63ee-35fe-9646-7f0da062ae19 |i 12463305-e8c5-3765-957a-db9b53a32323 |t 0 |
| 952 | f | f | |p normal |a Texas A&M University |b College Station |c Sterling C. Evans Library |d Evans: US Documents CD-ROMs (Annex 5th floor) |t 0 |e I 19.76:98-466/VER.1.1 |h Superintendent of Documents classification |i computer -- computer disc |m A14826114117 |
| 952 | f | f | |a Texas A&M University |b College Station |c Electronic Resources |d Available Online |t 0 |e I 19.76:98-466/VER.1.1 |h Superintendent of Documents classification |
| 998 | f | f | |a I 19.76:98-466/VER.1.1 |t 0 |l Evans: US Documents CD-ROMs (Annex 5th floor) |
| 998 | f | f | |a I 19.76:98-466/VER.1.1 |t 0 |l Available Online |